000 00605nam a2200181Ia 4500
003 GCL
008 140319s9999 xx 000 0 ara d
040 _aGCL /
_cGCL
082 0 4 _aم
_b923.1
_bت ا
100 1 _aتركى ضاهر (اعداد)
245 1 0 _aاشهر القادة السياسيين : من يوليوس قيصر الى جمال عبدالناصر /
_cتركى ضاهر (اعداد)
300 _a168 ص
490 _aماذا اعرف
_v0
650 0 4 _aالملوك والحكام
650 0 4 _aروساء الجمهورية
650 0 4 _aالرجال - تراجم
942 _2ddc
_cREF
999 _c59634
_d59634